| 000 | 00883nas a2200277 4500 | ||
|---|---|---|---|
| 001 | BR2011007966 | ||
| 003 | BR-BrBNA | ||
| 005 | 20231205115826.0 | ||
| 007 | ta | ||
| 008 | 230509b bl.|||p| |||| 00| 00por d | ||
| 040 |
_aBR-BrBNA _bpor _cBiblioteca Nacional de Agricultura |
||
| 041 | _a(Pt) | ||
| 072 | _aP34 | ||
| 100 | 1 | _aHippler, F.W.R. | |
| 100 | 1 | _aMoreira, M. | |
| 100 | 1 | _aDias, N.M.S. | |
| 100 | 1 | _aHermann, E.R. | |
| 245 | 1 | _aFungos micorrízicos arbusculares nativos e doses de fósforo no desenvolvimento do amendoim RUNNER IAC 886 | |
| 650 | _aMICORRIZA VESICULAR ARBUSCULAR | ||
| 650 | _aAMENDOIM | ||
| 650 | _aADUBAÇÃO | ||
| 650 | _aFERTILIZANTE FOSFATADO | ||
| 773 | 0 |
_tRevista Ciência Agronômica (Brazil) _xISSN 0045-6888 _g(Jul-Sep 2011), v. 42(3) p. 605-610 _wBR2011007966 |
|
| 909 |
_a202311 _bLúcia _c55 _dLúcia Elande |
||
| 942 |
_2AGRIS _n0 _cANA |
||
| 999 |
_c215891 _d215891 |
||